Optimization of Production Processes and Tool Utilization in Industrial Grinding Operations

Optimalizácia výrobných procesov v nástrojárni s osobitným dôrazom na brúsne operácie. Identifikácia a implementácia prístupov, ktoré zvyšujú efektivitu výroby, minimalizujú prestoje a znižujú výrobné náklady. Prostredníctvom analýzy súčasného stavu výrobných procesov boli identifikované kľúčové fak...

Description complète

Enregistré dans:
Détails bibliographiques
Auteur principal: Malega, Peter
Autres auteurs: Daneshjo, Naqibullah, 1964-
Format: Chapitre de livre
Langue:anglais
Sujets:
Tags: Ajouter un tag
Pas de tags, Soyez le premier à ajouter un tag!

MARC

LEADER 00000naa a2200000 4500
001 0312719
005 20251013084025.6
041 0 |a eng 
044 |a PL 
245 1 0 |a Optimization of Production Processes and Tool Utilization in Industrial Grinding Operations  |c Peter Malega, Naqibullah Daneshjo 
520 |a Optimalizácia výrobných procesov v nástrojárni s osobitným dôrazom na brúsne operácie. Identifikácia a implementácia prístupov, ktoré zvyšujú efektivitu výroby, minimalizujú prestoje a znižujú výrobné náklady. Prostredníctvom analýzy súčasného stavu výrobných procesov boli identifikované kľúčové faktory negatívne ovplyvňujúce produktivitu, vrátane nedostatočného využitia nástrojov a neefektívneho plánovania. Článok predstavuje metodiku hodnotenia výkonnosti výrobných systémov, ktorá zahŕňa použitie nástroja na celkovú efektívnosť zariadení (OEE) a analýzu pracovných postupov. Na základe zozbieraných údajov boli navrhnuté konkrétne vylepšenia, ako napríklad zavedenie moderných nástrojov, optimalizácia pracovných postupov a implementácia prediktívnej údržby na báze senzorov. Tieto opatrenia viedli k výraznému zníženiu prestojov výroby a zvýšeniu produktivity na pracovisku. Výsledky ukazujú, že správna kombinácia technických inovácií, efektívneho plánovania a monitorovania výrobných procesov môže viesť k významnému zlepšeniu výkonnosti výrobných systémov. 
610 2 0 |a proces výrobný 
610 2 0 |a optimalizácia 
610 2 0 |a simulácia 
610 2 0 |a efektívnosť výroby 
610 2 0 |a náklady výrobné 
610 2 0 |a produktivita 
610 2 0 |a plánovanie 
610 2 0 |a postupy pracovné 
610 2 0 |a technológie nové 
100 1 |a Malega, Peter 
700 1 |a Daneshjo, Naqibullah, 1964-